000 00611cam a2200217 4500
001 X128695
008 050201n2005 000 0 eng u
035 _a(Sirsi) u128695
245 _aProperty nation: Gloucestershire, Herefordshire, Warwickshire and Worcestershire
260 _c2005
490 _aProperty Week
_v70(3) 21 January 2005, 53-62(7)
650 _aGLOUCESTER
650 _aREGENERATION
650 _aCHELTENHAM
650 _aCASINOS
650 _aRUGBY
650 _aOFFICES
650 _aTEWKESBURY
690 _aPROPERTY-COMMERCIAL PROPERTY-COMMERCIAL PROPERTY MARKET
942 _n0
999 _c74782
_d74782